000 00563nam a2200193Ia 4500
003 GCL
008 140319s9999 xx 000 0 ara d
040 _aGCL /
_cGCL
082 0 4 _a811.094
_bع ا
100 1 _aعبدالعليم عيسى
245 1 0 _aالحان ملتهبة /
_cعبدالعليم عيسى
300 _a80 ص
490 _a
650 0 4 _aالشعر العربى
650 0 4 _aالادب العربى
650 0 4 _aالشعر العربى - العصر الحديث
650 0 4 _aالشعر العربى - العراق
942 _2ddc
_cBK
999 _c40882
_d40882